[Event "40 Nezhmetdinov Memorial"]
[Site "Kazan"]
[Date "2018.09.16"]
[Round "4.41"]
[White "Makov, Artem"]
[Black "Mochalin, Faddey"]
[Result "1-0"]
[WhiteElo "1818"]
[BlackElo "2100"]
[PlyCount "63"]
[EventDate "2018.09.13"]

1. d4 d5 2. c4 e6 3. Nc3 c6 4. Nf3 Nf6 5. Bg5 dxc4 6. e4 b5 7. e5 h6 8. Bh4 g5
9. Nxg5 hxg5 10. Bxg5 Nbd7 11. g3 Qb6 12. exf6 Bb7 13. Bg2 O-O-O 14. O-O c5 15.
d5 b4 16. Rb1 Qa6 17. dxe6 Bxg2 18. e7 Bxf1 19. Qd5 Bxe7 20. fxe7 Rdg8 21. Ne4
Bd3 22. Nd6+ Kc7 23. Bf4 Kb6 24. Re1 Nf6 25. Qxf7 Ne4 26. Nxe4 Bxe4 27. Rxe4
Qc8 28. Qxc4 a6 29. Be3 Rg6 30. Qxb4+ Kc7 31. Qxc5+ Kd7 32. Qf5+ 1-0

[Event "40 Nezhmetdinov Memorial"]
[Site "Kazan"]
[Date "2018.09.16"]
[Round "4.42"]
[White "Safin, Robert"]
[Black "Nikolaev, Matvei"]
[Result "1-0"]
[WhiteElo "2098"]
[BlackElo "1807"]
[PlyCount "95"]
[EventDate "2018.09.13"]

1. d4 Nf6 2. c4 g6 3. Nf3 Bg7 4. g3 O-O 5. Bg2 d6 6. O-O Nc6 7. Nc3 Rb8 8. d5
Na5 9. Qd3 c5 10. Re1 a6 11. a4 e6 12. e4 exd5 13. Nxd5 Nxd5 14. cxd5 b5 15.
axb5 c4 16. Qc2 axb5 17. Bg5 Qc7 18. e5 Nb3 19. Rad1 Bf5 20. Qe2 dxe5 21. d6
Qc5 22. Be7 e4 23. Nh4 Nd4 24. Qe3 Rfe8 25. Nxf5 gxf5 26. Rd2 Qe5 27. f4 Qc5
28. Kh1 b4 29. Rc1 c3 30. bxc3 bxc3 31. Qxc3 Qb6 32. Qc7 Qxc7 33. Rxc7 Nb5 34.
Rc1 Bf8 35. d7 Bxe7 36. dxe8=Q+ Rxe8 37. Rd5 Ba3 38. Ra1 Nc3 39. Rxf5 Rd8 40.
Bxe4 Bb2 41. Ra8 Rxa8 42. Bxa8 Ne2 43. Bd5 Nc3 44. Bxf7+ Kg7 45. Bc4 Ne4 46.
Rf7+ Kg6 47. Rb7 Bf6 48. Bd3 1-0

[Event "40 Nezhmetdinov Memorial"]
[Site "Kazan"]
[Date "2018.09.16"]
[Round "4.43"]
[White "Yadigarov, Aivaz"]
[Black "Efremov, Vladislav"]
[Result "1-0"]
[WhiteElo "1789"]
[BlackElo "2095"]
[PlyCount "97"]
[EventDate "2018.09.13"]

1. c4 e6 2. Nf3 Nf6 3. g3 d5 4. d4 dxc4 5. Qa4+ Nc6 6. Bg2 Nd7 7. Qxc4 Nb6 8.
Qd3 Be7 9. O-O f5 10. a3 Bf6 11. Rd1 O-O 12. Nc3 Qe7 13. e4 Rd8 14. Be3 e5 15.
d5 Qf7 16. Qc2 Ne7 17. Ng5 Qh5 18. Ne6 Bxe6 19. dxe6 c6 20. exf5 Qxf5 21. Qb3
Rxd1+ 22. Rxd1 Rb8 23. Rd6 Re8 24. Bxb6 axb6 25. Rd7 Bg5 26. Rxb7 b5 27. Ne4
Rd8 28. Rd7 Rf8 29. h4 Bf6 30. Rd2 g5 31. hxg5 Bxg5 32. Nxg5 Qxg5 33. Qe3 Qxe3
34. fxe3 Kg7 35. Be4 h6 36. Rd6 Rc8 37. Kf2 Kf6 38. Ke2 c5 39. Rb6 b4 40. axb4
cxb4 41. Rxb4 Kxe6 42. Rb6+ Kf7 43. b4 Rg8 44. Kf3 Rc8 45. b5 Rf8 46. Kg2 h5
47. Rb7 Ke6 48. Rb6+ Kf7 49. Rh6 1-0

[Event "40 Nezhmetdinov Memorial"]
[Site "Kazan"]
[Date "2018.09.16"]
[Round "4.45"]
[White "Asatryan, Gor"]
[Black "Lazarev, Artem"]
[Result "1-0"]
[WhiteElo "2072"]
[BlackElo "1671"]
[PlyCount "67"]
[EventDate "2018.09.13"]

1. e4 c6 2. d4 d5 3. Nc3 dxe4 4. Nxe4 Nf6 5. Nxf6+ exf6 6. c3 Bd6 7. Bd3 O-O 8.
Qc2 h6 9. Ne2 Qc7 10. Be3 Be6 11. Qd2 Re8 12. c4 Nd7 13. O-O-O b5 14. c5 Bf8
15. Kb1 a5 16. f3 Qb7 17. g4 b4 18. h4 a4 19. g5 h5 20. g6 Kh8 21. Nf4 fxg6 22.
Bxg6 Reb8 23. Nxe6 f5 24. Bg5 a3 25. b3 Re8 26. Bxe8 Rxe8 27. Rhe1 Nf6 28. Bxf6
gxf6 29. Nxf8 Rxf8 30. Qh6+ Kg8 31. Rg1+ Kf7 32. Rde1 Rg8 33. Qh7+ Kf8 34.
Rxg8# 1-0

[Event "40 Nezhmetdinov Memorial"]
[Site "Kazan"]
[Date "2018.09.16"]
[Round "4.46"]
[White "Nikitin, Georgy"]
[Black "Garmash, Aliona"]
[Result "1/2-1/2"]
[WhiteElo "1763"]
[BlackElo "2067"]
[PlyCount "53"]
[EventDate "2018.09.13"]

1. d4 d5 2. c4 c6 3. Nf3 Nf6 4. Nc3 dxc4 5. e3 b5 6. a4 Nd5 7. Ne5 Be6 8. axb5
Nxc3 9. bxc3 cxb5 10. Qf3 Qd5 11. e4 Qd6 12. Bf4 Qb6 13. d5 Bc8 14. Nxf7 Kxf7
15. Bxb8+ Qf6 16. Bf4 Bg4 17. Qe3 e5 18. Bg5 Qg6 19. f3 Bd7 20. Rxa7 Rxa7 21.
Qxa7 Qxg5 22. Qxd7+ Be7 23. Qe6+ Kf8 24. Qc8+ Kf7 25. Qe6+ Kf8 26. Qc8+ Kf7 27.
Qe6+ 1/2-1/2

[Event "40 Nezhmetdinov Memorial"]
[Site "Kazan"]
[Date "2018.09.16"]
[Round "4.47"]
[White "Zaripova, Arina"]
[Black "Grekhov, Luka"]
[Result "0-1"]
[WhiteElo "1752"]
[BlackElo "1914"]
[PlyCount "148"]
[EventDate "2018.09.13"]

1. e4 c5 2. Nf3 e6 3. d4 cxd4 4. Nxd4 a6 5. Bd3 Nf6 6. O-O Bc5 7. Nb3 Be7 8. c4
Nc6 9. f4 d6 10. Be3 Nb4 11. Kh1 Nxd3 12. Qxd3 O-O 13. Nc3 Bd7 14. h3 b5 15.
cxb5 axb5 16. e5 dxe5 17. fxe5 Nh5 18. Bd4 Bc6 19. Kh2 b4 20. Ne2 Qd5 21. Qf3
Qb5 22. Qxh5 g6 23. Qh6 Qxe2 24. Rf2 Qe4 25. Qe3 Qxe3 26. Bxe3 Bd5 27. Nd4 Bc5
28. b3 Bxb3 29. Rb2 Bd5 30. Nc2 Bxe3 31. Nxe3 Rfb8 32. Nxd5 exd5 33. Rd1 Rb5
34. Rd4 Kf8 35. Kg3 Ke7 36. Kf4 Rab8 37. h4 Ke6 38. g3 b3 39. axb3 Rxb3 40.
Rxb3 Rxb3 41. Ra4 Rb6 42. Ra8 Rb4+ 43. Ke3 Kxe5 44. Re8+ Kf5 45. Rd8 d4+ 46.
Kf3 Rb3+ 47. Kf2 d3 48. Rd4 Rb2+ 49. Ke3 d2 50. g4+ Ke5 51. Re4+ Kd5 52. Rd4+
Kc5 53. Rd3 Rb4 54. Rxd2 Rxg4 55. h5 Rh4 56. hxg6 hxg6 57. Rd7 f5 58. Rg7 Rg4
59. Rd7 g5 60. Kf3 Rd4 61. Ra7 Kd5 62. Ra5+ Ke6 63. Ke3 Re4+ 64. Kf3 Kf6 65.
Ra6+ Re6 66. Ra8 g4+ 67. Kf2 Kg5 68. Rg8+ Kf4 69. Ra8 g3+ 70. Kf1 Kf3 71. Ra3+
Re3 72. Ra2 g2+ 73. Kg1 Re1+ 74. Kh2 Rh1# 0-1

[Event "40 Nezhmetdinov Memorial"]
[Site "Kazan"]
[Date "2018.09.16"]
[Round "4.48"]
[White "Khabibullin, Ruslan"]
[Black "Norkin, Yaks"]
[Result "0-1"]
[WhiteElo "1517"]
[BlackElo "1752"]
[PlyCount "138"]
[EventDate "2018.09.13"]

1. c4 Nf6 2. Nc3 e5 3. Nf3 d6 4. d4 exd4 5. Nxd4 Be7 6. g3 Bd7 7. Bg2 Nc6 8.
O-O O-O 9. b3 Re8 10. e3 Qc8 11. Nxc6 bxc6 12. Bb2 a5 13. Ne2 Qa6 14. Nd4 a4
15. Qc2 axb3 16. axb3 Qb6 17. Bc3 Rxa1 18. Rxa1 Rb8 19. Ba5 Ra8 20. Nxc6 Bxc6
21. Bxb6 Rxa1+ 22. Bf1 cxb6 23. Qb2 Ra8 24. Bg2 Bxg2 25. Kxg2 h6 26. Qd4 Rb8
27. Qa1 Nd7 28. Qa7 Rd8 29. f4 g6 30. e4 Kf8 31. Kf3 Bf6 32. Qa3 Be7 33. Qb2
Bf6 34. Qd2 Ke7 35. Qd5 Rc8 36. Qd2 Ra8 37. h3 Ra3 38. Qb4 Bb2 39. e5 Nc5 40.
exd6+ Ke6 41. Qe1+ Kxd6 42. Qd2+ Ke7 43. Kg2 Rxb3 44. f5 Rxg3+ 45. Kf1 Be5 46.
fxg6 Rxg6 47. Qe1 Rf6+ 48. Kg2 Nd7 49. Qb4+ Bd6 50. Qe1+ Kf8 51. Qe4 Ne5 52.
Qh4 Rg6+ 53. Kf1 Kg7 54. Qd4 Rf6+ 55. Kg2 Nd7 56. Kh1 Nc5 57. Qg4+ Kh7 58. Qd4
Rg6 59. Qd2 Kg8 60. Qd4 Bf8 61. Qe3 Nd7 62. Qd4 Bd6 63. Qe4 Ne5 64. Qf4 Nd3 65.
Qf3 Rg3 66. Qf1 Rxh3+ 67. Kg2 Rg3+ 68. Kh1 Ne5 69. Qf6 Nf3 0-1

[Event "40 Nezhmetdinov Memorial"]
[Site "Kazan"]
[Date "2018.09.16"]
[Round "4.49"]
[White "Khusnutdinov, Abdul"]
[Black "Khanukaev, Mark"]
[Result "1/2-1/2"]
[WhiteElo "1724"]
[BlackElo "1182"]
[PlyCount "143"]
[EventDate "2018.09.13"]

1. d4 d5 2. Nf3 Nf6 3. c4 e6 4. Nc3 Be7 5. Bg5 Nbd7 6. e3 O-O 7. Bd3 h6 8. Bh4
c5 9. cxd5 Nxd5 10. Bxe7 Nxe7 11. O-O cxd4 12. exd4 Nf6 13. Qe2 Ned5 14. g3 b6
15. Ne5 Bb7 16. Rac1 Nb4 17. Rfd1 Nxd3 18. Qxd3 Nd5 19. a3 Rc8 20. Nb5 Rxc1 21.
Rxc1 Qg5 22. Re1 Nf4 23. Qe3 Nh3+ 24. Kf1 Qf6 25. Nd6 Bd5 26. f3 Qe7 27. Ne4
Rc8 28. Nc3 Qb7 29. Kg2 Ng5 30. h4 Nh7 31. Nd3 Nf6 32. Kf2 Qb8 33. Qe5 Qb7 34.
Qe3 Qc7 35. Ne5 Qb7 36. g4 Ne8 37. g5 h5 38. Rc1 Bb3 39. Qf4 Nd6 40. Nd3 Nf5
41. Re1 Rd8 42. Re4 Bc2 43. Qd2 Qc7 44. f4 Rxd4 45. Rxd4 Nxd4 46. Ne5 Qc5 47.
b4 Qd6 48. Ne2 f6 49. Nc4 Qc6 50. Qxd4 Qh1 51. Ne3 Qxh4+ 52. Ng3 fxg5 53. Qd8+
Kh7 54. Qxg5 Qxg5 55. fxg5 Bg6 56. Ne2 h4 57. Nf4 e5 58. Nfg2 h3 59. Nh4 Bf7
60. Kg3 Be6 61. Nf3 Kg6 62. Nxe5+ Kxg5 63. N5g4 a5 64. Nf2 axb4 65. axb4 Kf6
66. Nxh3 Bxh3 67. Kxh3 Ke6 68. Kg4 Kd6 69. Kf4 Kc6 70. Ke4 Kb5 71. Nc2 Kc4 72.
Kf5 1/2-1/2

[Event "40 Nezhmetdinov Memorial"]
[Site "Kazan"]
[Date "2018.09.16"]
[Round "4.50"]
[White "Emelianov, Fedor"]
[Black "Nagaeva, Aliia"]
[Result "1-0"]
[WhiteElo "2124"]
[BlackElo "1605"]
[PlyCount "85"]
[EventDate "2018.09.13"]

1. d4 Nf6 2. c4 e6 3. g3 Bb4+ 4. Bd2 Bxd2+ 5. Nxd2 O-O 6. Bg2 d5 7. Ngf3 Nbd7
8. O-O c6 9. Qc2 Qb6 10. Rac1 Re8 11. Rfd1 Nf8 12. b3 Ng6 13. h4 e5 14. cxd5 e4
15. Nc4 Qd8 16. Nfe5 cxd5 17. Nxg6 hxg6 18. Ne3 Bd7 19. Qc5 Be6 20. Qc7 Qxc7
21. Rxc7 b6 22. Rdc1 Rec8 23. f3 exf3 24. Bxf3 Re8 25. Kf2 Kf8 26. g4 Red8 27.
Kg3 Ng8 28. Kf4 f6 29. Rb7 Bc8 30. Rbc7 Ne7 31. Nxd5 Nxd5+ 32. Bxd5 Rxd5 33.
Rxc8+ Rxc8 34. Rxc8+ Ke7 35. e3 Rd7 36. Rc6 Kd8 37. g5 Ke7 38. Ke4 Kf7 39. a4
Re7+ 40. Kf3 f5 41. d5 Re5 42. Rc7+ Re7 43. d6 1-0

[Event "40 Nezhmetdinov Memorial"]
[Site "Kazan"]
[Date "2018.09.16"]
[Round "4.51"]
[White "Vorobiev, Sergey"]
[Black "Guzhova, Amina"]
[Result "1-0"]
[WhiteElo "2092"]
[BlackElo "1554"]
[PlyCount "81"]
[EventDate "2018.09.13"]

1. d4 Nf6 2. Bf4 g6 3. e3 Bg7 4. Nf3 d6 5. h3 O-O 6. c3 Nbd7 7. Be2 b6 8. O-O
Bb7 9. a4 a5 10. Bh2 Re8 11. Bc4 h6 12. Qb3 e6 13. Nbd2 Qe7 14. Qc2 Kh7 15. e4
e5 16. Rfe1 Rad8 17. Qb3 Rf8 18. Rad1 Kh8 19. Bd3 Ne8 20. Nc4 Ra8 21. Qc2 f6
22. Nh4 Kh7 23. Bg3 Bc6 24. f4 Rg8 25. Ne3 Nf8 26. Bc4 Rh8 27. dxe5 fxe5 28.
Bd5 Bxd5 29. Nxd5 Qe6 30. Rf1 g5 31. fxg5 hxg5 32. Nf5 Ng6 33. Qe2 Nf4 34. Bxf4
gxf4 35. Qh5+ Kg8 36. Nde7+ Kf8 37. Ng6+ Kg8 38. Nxh8 Bxh8 39. g3 fxg3 40. Nh6+
Kg7 41. Rf7+ 1-0

[Event "40 Nezhmetdinov Memorial"]
[Site "Kazan"]
[Date "2018.09.16"]
[Round "4.52"]
[White "Semenova, Anastasia"]
[Black "Razhbadinov, Rasul"]
[Result "0-1"]
[WhiteElo "1775"]
[BlackElo "1516"]
[PlyCount "68"]
[EventDate "2018.09.13"]

1. e4 e5 2. Nf3 Nc6 3. Bb5 a6 4. Bxc6 dxc6 5. Nc3 f6 6. Nh4 Be6 7. O-O Bc5 8.
Qh5+ g6 9. Qe2 Ne7 10. d3 g5 11. Na4 Ba7 12. Qf3 Ng6 13. Nf5 Qd7 14. Be3 Bxe3
15. fxe3 b6 16. d4 O-O-O 17. Rad1 h5 18. dxe5 Nxe5 19. Qe2 Bc4 20. Qe1 Qf7 21.
Rf2 Ng4 22. Rfd2 Rxd2 23. Qxd2 Qe6 24. b3 Bb5 25. Nc3 Qe5 26. g3 h4 27. Nxb5
axb5 28. Qd7+ Kb8 29. Ne7 Qxe4 30. Nxc6+ Kb7 31. Qd4 Qf3 32. Qd2 hxg3 33. Na5+
Ka6 34. h3 Rxh3 0-1

[Event "40 Nezhmetdinov Memorial"]
[Site "Kazan"]
[Date "2018.09.16"]
[Round "4.53"]
[White "Salimova, Dinara"]
[Black "Muldiarov, Valerij"]
[Result "1-0"]
[WhiteElo "1467"]
[BlackElo "1737"]
[PlyCount "47"]
[EventDate "2018.09.13"]

1. d4 Nf6 2. c4 g6 3. Nc3 Bg7 4. e4 d6 5. f3 O-O 6. Be3 a6 7. Qd2 Nc6 8. Nge2
Rb8 9. a4 e5 10. d5 Ne7 11. g4 Bd7 12. Ng3 c6 13. a5 c5 14. h4 b5 15. h5 bxc4
16. Bxc4 Bb5 17. Bxb5 axb5 18. Qh2 Qe8 19. g5 Nxh5 20. Nxh5 gxh5 21. Qxh5 f5
22. Qxh7+ Kf7 23. g6+ Nxg6 24. Rg1 1-0

[Event "40 Nezhmetdinov Memorial"]
[Site "Kazan"]
[Date "2018.09.16"]
[Round "4.54"]
[White "Fonichkin, Egor"]
[Black "Rafikov, Danis"]
[Result "1-0"]
[WhiteElo "1692"]
[BlackElo "1307"]
[PlyCount "83"]
[EventDate "2018.09.13"]

1. d4 d5 2. Nc3 e6 3. e4 dxe4 4. Nxe4 Be7 5. Nf3 Nf6 6. Bd3 Nbd7 7. c3 Nxe4 8.
Bxe4 Nf6 9. Bc2 b6 10. Ne5 Bd7 11. O-O O-O 12. Re1 c5 13. Bg5 Bb5 14. Bxf6 Bxf6
15. dxc5 Qxd1 16. Raxd1 bxc5 17. a4 Ba6 18. Nd7 Rfc8 19. Be4 Rab8 20. Nxb8 Rxb8
21. Rd7 g6 22. Rxa7 Bc4 23. Ra8 Rxa8 24. Bxa8 Bb3 25. a5 Bd8 26. a6 Bb6 27. Ra1
Ba7 28. Bb7 Kg7 29. Ra3 Bc4 30. b4 cxb4 31. cxb4 Kf6 32. Rc3 Bb5 33. Bc8 Bb6
34. Ra3 Ba7 35. Ra5 Bc4 36. b5 Bd5 37. Bb7 Bc4 38. b6 Bxb6 39. a7 Bxa7 40. Rxa7
Ke5 41. Ba6 Bd5 42. Rxf7 1-0

[Event "40 Nezhmetdinov Memorial"]
[Site "Kazan"]
[Date "2018.09.17"]
[Round "5.11"]
[White "Baghdasaryan, Vahe"]
[Black "Levin, Evgeny A"]
[Result "1/2-1/2"]
[WhiteElo "2404"]
[BlackElo "2516"]
[PlyCount "64"]
[EventDate "2018.09.13"]

1. c4 Nf6 2. Nc3 e6 3. e4 d5 4. e5 d4 5. exf6 dxc3 6. fxg7 cxd2+ 7. Bxd2 Bxg7
8. Qb3 Nc6 9. Nf3 Qf6 10. O-O-O Bd7 11. Bd3 Bh6 12. Kb1 Bxd2 13. Rxd2 O-O-O 14.
Rhd1 e5 15. Be4 Bf5 16. Rxd8+ Rxd8 17. Rxd8+ Nxd8 18. Qd3 Bg6 19. Bxg6 hxg6 20.
Qe4 Nc6 21. g4 Qd6 22. Qd5 Qf6 23. h4 Qf4 24. a3 Qxg4 25. Qxf7 Nd8 26. Qf6 Qxc4
27. Nxe5 Qe4+ 28. Kc1 Qe1+ 29. Kc2 Qe2+ 30. Kc3 Qe1+ 31. Kc2 Qe2+ 32. Kc3 Qe1+
1/2-1/2

[Event "40 Nezhmetdinov Memorial"]
[Site "Kazan"]
[Date "2018.09.17"]
[Round "5.12"]
[White "Ponfilenok, Vladimir"]
[Black "Harutyunian, Tigran K"]
[Result "0-1"]
[WhiteElo "2353"]
[BlackElo "2504"]
[PlyCount "92"]
[EventDate "2018.09.13"]

1. d4 Nf6 2. c4 e6 3. g3 d5 4. Nf3 Bb4+ 5. Bd2 Be7 6. Bg2 O-O 7. O-O Nbd7 8.
Qb3 Nb6 9. cxd5 exd5 10. Bb4 Bxb4 11. Qxb4 a5 12. Qc3 Re8 13. e3 Ne4 14. Qc2
Bf5 15. Nh4 Bg6 16. Nxg6 hxg6 17. Nc3 Nxc3 18. Qxc3 g5 19. Rae1 c6 20. e4 dxe4
21. Rxe4 Rxe4 22. Bxe4 Qd6 23. Re1 a4 24. a3 g6 25. Bc2 g4 26. Re4 Nd5 27. Qc5
Qd7 28. Bd1 b6 29. Qc4 Nf6 30. Rf4 Kg7 31. d5 Nxd5 32. Qd4+ Kg8 33. Rxg4 Re8
34. Bxa4 Re1+ 35. Kg2 Qe6 36. Rh4 f6 37. Bb3 g5 38. Bxd5 cxd5 39. Rg4 b5 40. h3
Qe2 41. Qxd5+ Kg7 42. Rd4 Qf1+ 43. Kf3 Qe2+ 44. Kg2 Qf1+ 45. Kf3 Re5 46. Rd1
Qe2+ 0-1

[Event "40 Nezhmetdinov Memorial"]
[Site "Kazan"]
[Date "2018.09.17"]
[Round "5.13"]
[White "Murtazin, Ruslan"]
[Black "Maiorov, Nikita"]
[Result "0-1"]
[WhiteElo "2295"]
[BlackElo "2512"]
[PlyCount "74"]
[EventDate "2018.09.13"]

1. e4 e5 2. Nf3 Nc6 3. Bc4 Bc5 4. c3 Nf6 5. d3 O-O 6. Bg5 Be7 7. O-O d6 8. Nbd2
h6 9. Bh4 Nh5 10. Bxe7 Qxe7 11. d4 Nf4 12. g3 Nh3+ 13. Kg2 Qf6 14. dxe5 dxe5
15. Ng1 Ng5 16. h4 Nh7 17. Nh3 Qe7 18. Qe2 Nf6 19. f3 Bd7 20. Nf2 Rad8 21. Rad1
Na5 22. Bb5 c6 23. Bd3 b5 24. Nb3 Nb7 25. c4 b4 26. Ra1 a5 27. a4 Be6 28. Bc2
Nd7 29. Ng4 Bxg4 30. fxg4 Ndc5 31. Nd2 b3 32. Nxb3 Nxb3 33. Bxb3 Qb4 34. Qe3
Rd2+ 35. Rf2 Rfd8 36. Raf1 R2d3 37. Qe1 Qxe1 0-1

[Event "40 Nezhmetdinov Memorial"]
[Site "Kazan"]
[Date "2018.09.17"]
[Round "5.14"]
[White "Makoveev, Ilya"]
[Black "Timofeev, Artyom"]
[Result "0-1"]
[WhiteElo "2271"]
[BlackElo "2588"]
[PlyCount "89"]
[EventDate "2018.09.13"]

1. d4 d5 2. c4 dxc4 3. Nf3 Nf6 4. e3 e6 5. Bxc4 c5 6. O-O a6 7. a4 Nc6 8. Qe2
cxd4 9. Rd1 d3 10. Bxd3 Qc7 11. b3 Nb4 12. Bc4 Be7 13. Bb2 O-O 14. Nbd2 Bd7 15.
Ne5 Rfd8 16. Rac1 Bc6 17. Ndf3 Rxd1+ 18. Qxd1 Rd8 19. Qe2 Qa5 20. Ng5 Be8 21.
f4 b5 22. Ngxf7 Bxf7 23. Nxf7 Kxf7 24. axb5 axb5 25. Ra1 Qb6 26. Bxb5 Nbd5 27.
Bd4 Qc7 28. Bc4 Bc5 29. Bxf6 Nxf6 30. f5 Qe5 31. Bxe6+ Kf8 32. Re1 h5 33. h3
Bd6 34. Qf3 Ne4 35. Qf4 Qa5 36. Qf1 Bg3 37. Rc1 Bf2+ 38. Kh2 Qe5+ 39. g3 Qxg3+
40. Kh1 Bxe3 41. Rc2 Nf2+ 42. Rxf2 Bxf2 43. f6 Qf3+ 44. Kh2 Bg3+ 45. Kg1 0-1

[Event "40 Nezhmetdinov Memorial"]
[Site "Kazan"]
[Date "2018.09.17"]
[Round "5.15"]
[White "Khanin, Semen"]
[Black "Palachev, Petr"]
[Result "1/2-1/2"]
[WhiteElo "2507"]
[BlackElo "2405"]
[PlyCount "65"]
[EventDate "2018.09.13"]

1. e4 e5 2. Bc4 Nf6 3. d3 Nc6 4. Nf3 Bc5 5. O-O h6 6. c3 d6 7. b4 Bb6 8. a4 a5
9. b5 Ne7 10. Nbd2 O-O 11. Bb3 Ng6 12. Nc4 Bc5 13. h3 c6 14. Qe2 Be6 15. Rd1
cxb5 16. axb5 a4 17. Ba2 Qc7 18. Ne3 Bb3 19. Bxb3 axb3 20. Qb2 Rxa1 21. Qxa1
Bxe3 22. Bxe3 d5 23. Nd2 dxe4 24. dxe4 Rd8 25. Nxb3 Rxd1+ 26. Qxd1 Nxe4 27. Qd3
Nxc3 28. b6 Qc8 29. Nc5 Nf4 30. Qd6 Nfd5 31. Qxe5 f6 32. Qd6 Nxe3 33. fxe3
1/2-1/2

[Event "40 Nezhmetdinov Memorial"]
[Site "Kazan"]
[Date "2018.09.17"]
[Round "5.16"]
[White "Kabanov, Nikolai"]
[Black "Tunik, Gennady"]
[Result "1/2-1/2"]
[WhiteElo "2484"]
[BlackElo "2367"]
[PlyCount "111"]
[EventDate "2018.09.13"]

1. e4 c5 2. Nf3 e6 3. d4 cxd4 4. Nxd4 Nc6 5. Nc3 a6 6. Be2 Nge7 7. f4 Nxd4 8.
Qxd4 b5 9. O-O Nc6 10. Qf2 Be7 11. Be3 O-O 12. Bb6 Qe8 13. Rad1 f6 14. Rd3 Rf7
15. Rfd1 Bf8 16. Rh3 g6 17. f5 Ne5 18. fxg6 Nxg6 19. Bh5 Qe7 20. Rg3 Rg7 21.
Rf3 b4 22. Na4 d6 23. Rxf6 Bd7 24. b3 Rc8 25. Be3 Bxa4 26. bxa4 Rf7 27. Bg5
Rxf6 28. Bxf6 Qc7 29. Bg4 Re8 30. Rf1 a5 31. h4 Bg7 32. Qg3 Ne5 33. Bh3 Kh8 34.
Kh1 Bxf6 35. Rxf6 Qxc2 36. Rxe6 Rxe6 37. Bxe6 Ng6 38. Qg4 Kg7 39. h5 Qc1+ 40.
Kh2 Qf4+ 41. Kh3 Qe3+ 42. Qg3 Qh6 43. Bg4 Ne5 44. Bf5+ Kf7 45. Kh4 Qf6+ 46. Kh3
Qh6 47. Qh4 Qe3+ 48. Kh2 Qd2 49. Qg3 h6 50. Qb3+ Kf8 51. Qe6 Qf4+ 52. Kh3 Nf7
53. Qf6 Qe3+ 54. Kh2 Qf4+ 55. Kh3 Qe3+ 56. Kh2 1/2-1/2

[Event "40 Nezhmetdinov Memorial"]
[Site "Kazan"]
[Date "2018.09.17"]
[Round "5.17"]
[White "Drygalov, Andrey"]
[Black "Salemgareev, Tagir"]
[Result "1/2-1/2"]
[WhiteElo "2465"]
[BlackElo "2394"]
[PlyCount "96"]
[EventDate "2018.09.13"]

1. e4 c5 2. Nf3 d6 3. d4 cxd4 4. Nxd4 Nf6 5. Nc3 a6 6. Be3 e5 7. Nb3 Be6 8. f3
h5 9. Qd2 Nbd7 10. Nd5 Bxd5 11. exd5 g6 12. Be2 Bg7 13. O-O b6 14. c4 O-O 15.
Rae1 Rc8 16. Kh1 a5 17. Na1 e4 18. Nb3 exf3 19. gxf3 Ne5 20. Rc1 Re8 21. Nd4
Qe7 22. Bf4 Qd7 23. Rfe1 Kh7 24. Bf1 Ng8 25. Qf2 Ne7 26. b3 Nf5 27. Nb5 Qd8 28.
Rcd1 Qf6 29. Bh3 Rcd8 30. Re4 Bh6 31. Bxf5 Qxf5 32. Bxh6 Kxh6 33. Rde1 Rf8 34.
Nd4 Qf6 35. Qe3+ Kh7 36. h3 Rc8 37. f4 Nd7 38. Re7 Nc5 39. Nf3 Kg8 40. Ng5 Qf5
41. Kh2 b5 42. Rg1 bxc4 43. bxc4 Rb8 44. Rg2 Rb4 45. Qd4 Rb1 46. Ne6 Nxe6 47.
dxe6 Rf1 48. exf7+ Kh7 1/2-1/2

[Event "40 Nezhmetdinov Memorial"]
[Site "Kazan"]
[Date "2018.09.17"]
[Round "5.18"]
[White "Makhmutov, Rail"]
[Black "Samusenko, Maksim"]
[Result "0-1"]
[WhiteElo "2407"]
[BlackElo "2442"]
[PlyCount "97"]
[EventDate "2018.09.13"]

1. d4 d6 2. e4 Nf6 3. Nc3 e5 4. Nf3 Nbd7 5. Bc4 Be7 6. a4 O-O 7. O-O c6 8. h3
a5 9. Ba2 h6 10. Qe2 Re8 11. Rd1 exd4 12. Rxd4 d5 13. exd5 Bc5 14. Qc4 cxd5 15.
Nxd5 Bxd4 16. Qxd4 Nxd5 17. Qxd5 Qf6 18. Be3 Ne5 19. Nd4 Nc6 20. c3 Nxd4 21.
Bxd4 Qg6 22. Qf3 Bf5 23. Bc4 Rad8 24. Kh2 Re7 25. Qg3 Qxg3+ 26. Kxg3 Rde8 27.
Be3 Be4 28. Bb5 Rd8 29. Kh2 Re6 30. Bd4 Bd5 31. Bd3 Bc6 32. Bc4 Re7 33. Kg1 h5
34. Be3 Re4 35. Bd4 Bd5 36. Bf1 Rde8 37. Be3 Bc4 38. g3 Bxf1 39. Kxf1 h4 40. g4
f5 41. gxf5 Rf8 42. Kg2 Rxf5 43. Ra3 Rf7 44. Bd4 Re6 45. Rb3 Rg6+ 46. Kf1 Rf3
47. Rxb7 Rxh3 48. Rb5 Rh1+ 49. Ke2 0-1

[Event "40 Nezhmetdinov Memorial"]
[Site "Kazan"]
[Date "2018.09.17"]
[Round "5.19"]
[White "Danielyan, Vahe"]
[Black "Mokshanov, Alexey"]
[Result "0-1"]
[WhiteElo "2249"]
[BlackElo "2439"]
[PlyCount "72"]
[EventDate "2018.09.13"]

1. d4 d5 2. c4 e6 3. Nf3 Nf6 4. g3 dxc4 5. Bg2 a6 6. O-O Nc6 7. e3 Rb8 8. Nfd2
e5 9. Bxc6+ bxc6 10. dxe5 Ng4 11. Nxc4 Be6 12. Qxd8+ Rxd8 13. Nbd2 Bb4 14. b3
Bc3 15. Rb1 Bxd2 16. Nxd2 Nxe5 17. f4 Nd3 18. Nf3 Bh3 19. Ba3 Bxf1 20. Kxf1 c5
21. Ke2 a5 22. Rd1 c4 23. bxc4 Nb4 24. Rb1 c5 25. Nd2 Nxa2 26. Rb7 Nc3+ 27. Ke1
O-O 28. Nb3 Rfe8 29. Bxc5 Rd1+ 30. Kf2 a4 31. Bd4 Ne4+ 32. Ke2 Rh1 33. Nc5
Rxh2+ 34. Ke1 Nxc5 35. Bxc5 Rc8 36. Kd1 h6 0-1

[Event "40 Nezhmetdinov Memorial"]
[Site "Kazan"]
[Date "2018.09.17"]
[Round "5.20"]
[White "Glukhov, Alexander"]
[Black "Yankelevich, Lev"]
[Result "0-1"]
[WhiteElo "2236"]
[BlackElo "2431"]
[PlyCount "64"]
[EventDate "2018.09.13"]

1. d4 Nf6 2. Bf4 c5 3. e3 Qb6 4. Nc3 d6 5. Qd2 Nbd7 6. O-O-O g6 7. Be2 h5 8.
Nf3 Bg7 9. h3 Qa5 10. e4 cxd4 11. Nxd4 O-O 12. Kb1 Nc5 13. Nb3 Nxb3 14. axb3
Qb4 15. f3 Be6 16. Bh6 a5 17. Bxg7 Kxg7 18. g4 Rh8 19. g5 Nd7 20. f4 Nc5 21.
Qe3 a4 22. Rd4 Qb6 23. b4 a3 24. b3 Bxb3 25. Nb5 Ba4 26. bxc5 dxc5 27. Rd2 Bxb5
28. Qc3+ Kg8 29. Qb3 Ra4 30. Bxb5 Rb4 31. Bc4 Rxb3+ 32. cxb3 Qa5 0-1

[Event "40 Nezhmetdinov Memorial"]
[Site "Kazan"]
[Date "2018.09.17"]
[Round "5.21"]
[White "Tsoi, Dmitry"]
[Black "Mamedjarova, Turkan"]
[Result "1-0"]
[WhiteElo "2422"]
[BlackElo "2312"]
[PlyCount "57"]
[EventDate "2018.09.13"]

1. Nf3 d5 2. c4 e6 3. b3 Nf6 4. g3 c5 5. Bb2 d4 6. e3 Nc6 7. exd4 cxd4 8. Bg2
e5 9. O-O Bd6 10. Re1 O-O 11. c5 Bc7 12. Na3 h6 13. d3 Be6 14. Nb5 Bb8 15. a4
Nd7 16. Ba3 a6 17. Nd6 Nxc5 18. Nc4 Ba7 19. Nfxe5 Bd5 20. Nxc6 Bxc6 21. Bxc6
bxc6 22. Qh5 Nxd3 23. Red1 g6 24. Qxh6 Nc5 25. Rxd4 Qf6 26. Bb2 Ne4 27. Rd2
Nxf2 28. Kg2 Ng4 29. Qh3 1-0

[Event "40 Nezhmetdinov Memorial"]
[Site "Kazan"]
[Date "2018.09.17"]
[Round "5.22"]
[White "Sairanov, Talgat"]
[Black "Faizrakhmanov, Ramil"]
[Result "0-1"]
[WhiteElo "2077"]
[BlackElo "2414"]
[PlyCount "76"]
[EventDate "2018.09.13"]

1. e4 c6 2. Nc3 d5 3. Nf3 Bg4 4. h3 Bxf3 5. Qxf3 e6 6. d4 dxe4 7. Nxe4 Qxd4 8.
Bd3 Nd7 9. Be3 Qd5 10. Rd1 Ne5 11. Qf4 Ng6 12. Qc7 Qd7 13. Qxd7+ Kxd7 14. Bc4+
Ke8 15. O-O Nf6 16. Nxf6+ gxf6 17. Rd2 Bb4 18. c3 Ba5 19. Bd4 Ne5 20. Be2 Rd8
21. Rfd1 Bb6 22. Bxb6 Rxd2 23. Rxd2 axb6 24. f4 Nd7 25. b4 Ke7 26. Kf2 b5 27.
c4 bxc4 28. Bxc4 f5 29. Ke3 h5 30. a4 Rg8 31. Kf2 Nf6 32. Bd3 h4 33. b5 cxb5
34. axb5 Rd8 35. Kf3 Rd4 36. Ke3 Rb4 37. Rc2 Nd5+ 38. Kd2 Rxf4 0-1